000 01289nam0a22002411i 4500
001 rc\3646377
005 20240725232008.0
021 _aRU
_b[74-1485а]
035 _a(NLR Aleph) 007731654
090 _a7061857
_c7061857
100 _a20130115d1974 |||y0rusy50 ca
101 0 _arus
102 _aRU
105 _aa d |||||
200 1 _aТектонические закономерности формирования и размещения экзогенных полезных ископаемых восточной части Сибирской платформы и прилегающего складчатого обрамления
_e(Черные и цвет. металлы, хим. сырье, агр. руды)
_eАвтореф. дис. на соиск. учен. степени канд. геол.-минерал. наук
_e(04.00.04)
_fАН СССР. Сиб. отд-ние. Ин-т геологии и геофизики
210 _aНовосибирск
_d1974
215 _a21 с., 2 л. табл.
320 _aСписок работ авт. в конце текста (7 назв.)
700 1 _aМишнин
_bВ.М.
_f1939-
_gВиталий Михайлович
801 0 _aRU
_bNLR
_gpsbo
801 1 _aRU
_bELAR
_2rusmarc
852 _aNLR
_j74-4/1511
942 _cBOOK